000
00153 a2200073 4500
020
_a
9781592574889
082
_a
613.7046 BUD
245
_a
THE COMPLETE IDIOT'S
999
_c
791939
_d
791938
942
_w
223
_x
Zanele Mgwenya
_y
223
_z
Zanele Mgwenya